| 000 | 00607nam a2200229 a 4500 | ||
|---|---|---|---|
| 999 |
_c8486 _d8486 |
||
| 001 | 8486 | ||
| 003 | BD-JhCC | ||
| 005 | 20180225173720.0 | ||
| 008 | 180225s1967 i a|||| || | 001 0 eng d | ||
| 035 | _a(BD-JhCC)8486 | ||
| 040 |
_aBD-JhCC _dBD-JhCC |
||
| 041 | _aeng | ||
| 082 |
_a535.05 _bPOL 1967 |
||
| 100 | _aPollack, W. Herman | ||
| 245 |
_aApplied Physics / _cHerman W. Pollack |
||
| 260 |
_aNew Delhi : _bPrrentice-Hall of India Private Limited, _c1967. |
||
| 300 |
_a770 p. : _bill. ; _c24 cm. |
||
| 504 | _aIncludes Index | ||
| 650 | _aLasers in Physics | ||
| 942 |
_2ddc _cBK |
||